000 00529nam a2200181Ia 4500
003 OSt
005 20200814114710.0
008 190216s9999||||xx |||||||||||||| ||und||
020 _a8170409985
040 _coclc
082 _a547.7
_bCHA/O
100 _aChatwal, Gurdeep R
_94120
245 0 _aOrganic Chemistry Of Natural Products /
_cGurdeep R Chatwal
260 _bHimalaya Publishing House,
_aBombay:
_c1994.
300 _a672p
650 _aChemistry
942 _cBK
_2ddc
_h547.7
_iCHA/O
_k547.7
_mCHA/O
999 _c2817
_d2817